00456 2200169 4500001002100000005001500021008004100036020001800077035001900095041000700114082000900121100002100130700002300151245004700174260003700221300002800258INLIS00000000003099720241224133109241224||||||||| | ||| |||| || |  a979-006-127-7 0010-1224030997 aid0 aNONE0 aNURHETI YULIARTI0 aREDAKSI AGRO MEDIA00aMedia Tanam dan Pupuk untuk Anthurium Daun aJakartabAgroMedia Pustakac2007 avi + 66 halaman ; 24 cm